#1 Indie Hits of the 2020s - Statistics

General Stats
  • This quiz has been taken 32 times
  • The average score is 10 of 48
Answer Stats
#1's # Wks Song(s) Artist % Correct
2 29 Escapism RAYE, 070 Shake
77%
2 29 Where Is My Husband! RAYE
74%
4 9 Butter, Life Goes On, Dynamite, On BTS
65%
1 39 A Bar Song (Tipsy) Shaboozey
65%
1 3 Someone Like You Adele
58%
1 9 My Love Mine All Mine Mitski
58%
1 9 End of Beginning Djo
55%
1 1 Let Down Radiohead
42%
1 3 Padam Padam Kylie Minogue
32%
1 1 Paranoid Black Sabbath
29%
1 1 Million Dollar Baby Tommy Richman
29%
3 3 Sausage Rolls for Everyone LadBaby, Ed Sheeran, Elton John
23%
6 28 Doja, One Up, Straight Back To It, Khabib, Obssessed with You, Commitment Issues Central Cee
19%
3 24 Holiday KSI
19%
3 24 Really Love KSI, Craig David, Digital Farm Animals
19%
3 24 Houdini KSI, Swarmz, Tion Wayne
19%
3 24 Wake Up Call KSI, Trippie Redd
19%
3 3 FoodAid, Don't Stop Me Eating LadBaby
19%
1 1 Part of the Band The 1975
19%
1 1 Body Paint Arctic Monkeys
16%
1 18 Merry Xmas Everybody Slade
16%
1 24 Show Me Love WizTheMC, Bees & Honey
16%
1 4 Praise Jah in the Moonlight YG Marley
16%
1 1 Monster Mash Bobby Boris Pickett
13%
1 6 Pump It Up Endor
13%
1 1 Gooba 6ix9ine
10%
2 20 West Ten AJ Tracey, Mabel
10%
2 20 Dinner Guest AJ Tracey, Mostack
10%
1 6 Love Nwantiti (Ah Ah Ah) CKay
10%
1 4 Fingers Crossed Lauren Spencer-Smith
10%
1 1 Thank You Baked Potato Matt Lucas
10%
1 1 Snap Rosa Linn
10%
1 1 Love Tonight Shouse
10%
1 2 Scrap the Monarchy The Krown Jewelz
10%
1 2 Prince Andrew Is a Sweaty Nonce The Kunts
10%
1 6 Falling Trevor Daniel
10%
1 4 Balling Vibe Chemistry
10%
1 2 Out Of Nowhere Bugzy Malone, TeeDee
6%
1 2 Down Under Luude, Colin Hay
6%
1 1 Part of the Plan Nafe Smallz, M Huncho
6%
1 1 Charmer N-Dubz
6%
1 14 (It Goes Like) Nanana Peggy Gou
6%
1 11 Reggae & Calypso Russ Millions, Buni, YV
6%
1 1 Waze Skepta, Chip, Young Adz
6%
2 7 Somedays Sonny Fodera, Jazzy, D.O.D.
6%
2 7 Asking Sonny Fodera, MK, Clementine Douglas
6%
1 5 Didn't Know Tom Zanetti
6%
1 1 Used to This Wilkinson, Issey Cross
6%
No matching quizzes found
Score Distribution
Percent of People with Each Score
Percentile by Number Answered
Your Score History
You have not taken this quiz